00927nam a2200289 a 450000100060000000300090000600800410001502000180005604000280007404100080010210000260011024500960013625000120023226000370024430000170028149000140029850000760031265000220038865000250041065000150043565000350045065000270048565000360051265000310054865000360057970000220061524452CO-ViMGA141112s2004 ck r 000 u spa d a9788478889105 aCO-ViMGAbspacCO-ViMGA aSPA1 aHaddon, Mark, 1963 - 10aEl curioso incidente del perro a medianoche / cMark Haddon ; traducción Patricia Antón a19a ed. aBarcelona : bSalamandra, c2007 a268 p. : il. aNarrativa aTítulo original : The curious incident of the dog in the night - time14aAUTISMO - NOVELA 14aDESDE LOS 15 AÑOS 14aLITERATURA14aLITERATURA INGLESA - SIGLO XX 14aNARRACIONES REALISTAS 14aNIÑOS EXCEPCIONALES - NOVELA 14aNOVELA INGLESA - SIGLO XX 14aRELACIONES FAMILIARES - NOVELA 1 aAntón, Patricia